Архитектурная графика. Комплекс Кремлевского дворца. Оружейная палата (новое здание). Т. 3 (Запись № 13472894)
[ простой вид ]
| 000 -МАРКЕР | |
|---|---|
| контрольное поле | 02233nam2a2200301 4500 |
| 001 - ИДЕНТИФИКАТОР ЗАПИСИ | |
| контрольное поле | RU\NLR\BIBL_A\022674756 |
| 005 - ИДЕНТИФИКАТОР ВЕРСИИ | |
| контрольное поле | 20251224181421.0 |
| 010 ## - МЕЖДУНАРОДНЫЙ СТАНДАРТНЫЙ НОМЕР КНИГИ (ISBN) | |
| Номер (ISBN) | 978-5-88678-406-0 |
| Уточнения | т. 3 |
| 021 ## - НОМЕР ГОСУДАРСТВЕННОЙ РЕГИСТРАЦИИ | |
| Код страны | российская федерация |
| Номер | КН-П-25-062501 |
| Номер Листа государственной регистраци | КН-П-25-6040 |
| 035 ## - ДРУГИЕ СИСТЕМНЫЕ НОМЕРА | |
| Идентификатор записи | (NLR Aleph) 022674756 |
| 100 ## - ДАННЫЕ ОБЩЕЙ ОБРАБОТКИ | |
| Данные общей обработки | 20251128d2025 k y0rusy50 ca |
| 101 0# - ЯЗЫК РЕСУРСА | |
| Язык текста, звукозаписи и т.д. | русский |
| Язык резюме | английский |
| 102 ## - СТРАНА ПУБЛИКАЦИИ ИЛИ ПРОИЗВОДСТВА | |
| Страна публикации | российская федерация |
| 105 ## - ПОЛЕ КОДИРОВАННЫХ ДАННЫХ: ТЕКСТОВЫЕ МАТЕРИАЛЫ, МОНОГРАФИЧЕСКИЕ | |
| Кодированные данные о монографическом текстовом документе | aeh b 001yy |
| 200 0# - ЗАГЛАВИЕ И СВЕДЕНИЯ ОБ ОТВЕТСТВЕННОСТИ | |
| Основное заглавие | Т. 3 |
| 210 ## - ПУБЛИКАЦИЯ, РАСПРОСТРАНЕНИЕ И ДР. | |
| Дата издания, распространения и т.д. | 2025 |
| 215 ## - ФИЗИЧЕСКАЯ ХАРАКТЕРИСТИКА | |
| Специфическое обозначение материала и объем | 295 с. |
| Другие сведения о физической характеристике | цв. ил., пл., факс. |
| 300 ## - ОБЩИЕ ПРИМЕЧАНИЯ | |
| Текст примечания | Рез. англ. |
| 320 ## - ПРИМЕЧАНИЯ О НАЛИЧИИ В ДОКУМЕНТЕ БИБЛИОГРАФИИ / УКАЗАТЕЛЯ | |
| Текст примечания | Библиогр. в разд. "Принятые сокращения": с. 282–284 |
| 320 ## - ПРИМЕЧАНИЯ О НАЛИЧИИ В ДОКУМЕНТЕ БИБЛИОГРАФИИ / УКАЗАТЕЛЯ | |
| Текст примечания | Указ. имен: с. 255–262 |
| 320 ## - ПРИМЕЧАНИЯ О НАЛИЧИИ В ДОКУМЕНТЕ БИБЛИОГРАФИИ / УКАЗАТЕЛЯ | |
| Текст примечания | Указ. авт. и исполнителей, чьи произведения включены в кат.: с. 263–276 |
| 320 ## - ПРИМЕЧАНИЯ О НАЛИЧИИ В ДОКУМЕНТЕ БИБЛИОГРАФИИ / УКАЗАТЕЛЯ | |
| Текст примечания | Топогр. указ.: с. 277–281 |
| 461 #0 - УРОВЕНЬ НАБОРА | |
| Встроенное поле | 001RU\NLR\BIBL_A\022672933 |
| -- | 2001#$aАрхитектурная графика. Комплекс Кремлевского дворца. Оружейная палата (новое здание)$dArchitectural Graphics. The Kremlin Palace Complex. The Armoury Chamber (new building)$e[каталог собрания]$eв 3 томах$fА. Б. Тихомирова$g[Федеральное государственное бюджетное учреждение культуры "Государственный историко-культурный музей-заповедник "Московский Кремль"]$zeng$vТ. 3 |
| -- | 700#1$aТихомирова$bА. Б.$cискусствовед$gАся Борисовна$3RU\NLR\AUTH\7777799 |
| Системный номер (АБИС) связанной записи | 13510382 |
| Автор | Тихомирова, А. Б. (искусствовед) |
| Место публикации | Москва |
| Дата публикации | 2025 |
| Первые сведения об ответственности | А. Б. Тихомирова |
| Параллельное заглавие | Architectural Graphics. The Kremlin Palace Complex. The Armoury Chamber (new building) |
| Имя издателя, распространителя и т.д. | Музеи Московского Кремля |
| Сведения, относящиеся к заглавию | [каталог собрания] : в 3 томах |
| Заглавие | Архитектурная графика. Комплекс Кремлевского дворца. Оружейная палата (новое здание) |
| ISBN | 978-5-88678-403-9 |
| Номер тома | Т. 3 |
| 942 ## - ДОПОЛНИТЕЛЬНЫЕ ЭЛЕМЕНТЫ ЗАПИСИ (АБИС) | |
| Тип экземпляра АБИС | Книга |
| 980 ## - КОЛЛЕКЦИЯ | |
| Название коллекции | Национальная библиография |
Нет доступных экземпляров.